| 000 | 02845nam0a2200433 4500 | ||
|---|---|---|---|
| 001 | RU\NLR\bibl\1662879 | ||
| 005 | 20250616041656.0 | ||
| 010 |
_a978-5-89895-409-3 _9500 |
||
| 021 |
_aRU _b2010-48882 _93246 |
||
| 035 | _a(nilc)RSL-KNO-004700780 | ||
| 035 | _a(NLR Aleph) 001654161 | ||
| 090 |
_a940636 _c940636 |
||
| 100 | _a20100628d2010 |||y0rusy50 ca | ||
| 101 | 0 | _arus | |
| 102 | _aRU | ||
| 105 | _ay zzzz||||| | ||
| 200 | 1 |
_aСоциальная работа в сфере охраны здоровья населения _eучебное пособие для вузов _eдля студентов, обучающихся по специальностям высшего профессионального образования группы Здравоохранение при изучении дисциплин по выбору студента цикла гуманитарных и социально-экономических дисциплин _fП. В. Ивачев _gМ-во здравоохранения и социального развития РФ, ГОУ ВПО Уральская гос. мед. акад. |
|
| 210 |
_aЕкатеринбург _cИзд-во УГМА Росздрава _d2010 |
||
| 215 |
_a250 с. _d21 |
||
| 300 | _aНа 4-й с. обл. авт.: Ивачев П.В. доц., к.м.н. | ||
| 320 | _aБиблиогр.: с. 232-250 (273 назв.) и в подстроч. примеч. | ||
| 606 | 1 |
_aСоциальная работа в здравоохранении _jУчебные издания для высших учебных заведений _92527625 _3RU\NLR\auth\661497370 |
|
| 606 | 1 |
_aЗдравоохранение _jУчебные издания для высших учебных заведений _yРоссийская Федерация _92079637 _3RU\NLR\auth\661255528 |
|
| 610 | 0 | _aСоциология -- Общественная инженерия. Прикладная социология -- Учебник для высшей школы | |
| 610 | 0 | _aЗдравоохранение. Медицинские науки -- Теоретические основы. Методология здравоохранения и медицины -- Социальные основы медицины и здравоохранения -- Учебники для высшей школы | |
| 610 | 0 | _aсоциальная работа | |
| 686 |
_aС556.9я73-1 _2rubbk |
||
| 686 |
_aР.в05я73-1 _2rubbk |
||
| 686 | _aС550.473я73 | ||
| 686 | _aС550.54я73 | ||
| 686 | _aР11(2)я73 | ||
| 700 | 1 |
_aИвачев _bП. В. _gПетр Вениаминович _4070 |
|
| 801 | 0 |
_aRU _bРГБ _c20100628 _grcr |
|
| 801 | 1 |
_aRU _bРГБ _c20100628 |
|
| 801 | 2 |
_aRU _bNLR _c20100811 _grcr |
|
| 830 | _aавт. по кн. | ||
| 942 | _cBOOK | ||
| 980 | _aNB | ||